| 000 | 00377pab a2200133 454500 | ||
|---|---|---|---|
| 008 | 180718b1988 xxu||||| |||| 00| 0 eng d | ||
| 100 | _aDarrat, Ali F. | ||
| 245 |
_aThe stability of the Indian money demand function _bSome further results |
||
| 260 | _c1988 | ||
| 300 | _a89-96 | ||
| 650 | _aMoney - Stabilisation - India | ||
| 773 | _aSavings and Development | ||
| 909 | _a13718 | ||
| 999 |
_c13718 _d13718 |
||